| 000 | 00444nam a2200121Ia 4500 | ||
|---|---|---|---|
| 008 | 160712s9999 xx 000 0 und d | ||
| 100 | _aSantos, Brian S. | ||
| 245 |
_cBrian S. Santos, _aStatus Assessment of Clarias Species in the Philippines: Insights from DNA Barcodes |
||
| 260 |
_c2015 _bScience Diliman |
||
| 300 | _avol. 27 no. 2 | ||
| 650 | _xSCIENCE | ||
| 856 | _uhttp://journals.upd.edu.ph/index.php/sciencediliman/issue/view/511/showToc | ||
| 999 |
_c297104 _d297104 |
||